Normas de exceso de endeudamiento: historia de modificaciones y aspectos administrativos de su aplicación
Gespeichert in:
| 1. Verfasser: | |
|---|---|
| Format: | Buch |
| Sprache: | Spanisch |
| Veröffentlicht: |
Santiago
Thomson Reuters Puntolex
2008
|
| Schlagworte: | |
| Tags: |
Tag hinzufügen
Keine Tags, Fügen Sie den ersten Tag hinzu!
|
MARC
| LEADER | 00000cam a2200000 a 4500 | ||
|---|---|---|---|
| 001 | UCF6684 | ||
| 003 | CL-VaPUC | ||
| 008 | 130516e20080000CL |||||||||||||||||spa|d | ||
| 020 | |a 9789568541415 | ||
| 082 | 0 | 4 | |a 346.013 |b ORE |2 21 |
| 100 | |a Orellana Cautivo, Cristian |e autor |9 568712 | ||
| 245 | 1 | 0 | |a Normas de exceso de endeudamiento: historia de modificaciones y aspectos administrativos de su aplicación |
| 300 | |a 329 p | ||
| 942 | |c BK | ||
| 945 | |d 20130516 00:00:00 |a dcastane | ||
| 260 | |a Santiago |b Thomson Reuters Puntolex |c 2008 | ||
| 650 | 7 | |a RECURSOS PROPIOS |2 CL-VaPUC |9 427089 | |
| 650 | 0 | |a Capital |9 263726 | |
| 650 | 7 | |a ENDEUDAMIENTO |2 CL-VaPUC |9 427090 | |
| 650 | 0 | |a Aspectos jurídicos |9 328188 | |
| 650 | 0 | |a Derecho comparado |9 255664 | |
| 583 | |a last modification |c 20130516 09:57:00 |k Rodrigo Vera | ||
| 999 | |c 351823 |d 351821 | ||
| 952 | |0 0 |1 0 |4 0 |6 346_013000000000000_ORE_2008 |7 0 |8 A |9 456175 |a BIBGIM |b BIBGIM |d 2019-11-22 |i 4973569 |o 346.013 ORE 2008 |p 4973569 |r 2025-01-15 |w 2019-11-22 |y BK |k COM | ||
| 952 | |0 0 |1 0 |4 0 |6 346_013000000000000_ORE_2008 |7 0 |8 A |9 456176 |a BIBGIM |b BIBGIM |d 2019-11-22 |i 4973577 |o 346.013 ORE 2008 |p 4973577 |r 2025-01-15 |w 2019-11-22 |y BK |k COM | ||
| 952 | |0 0 |1 0 |4 0 |6 346_013000000000000_ORE_2008 |7 0 |8 A |9 456177 |a BIBGIM |b BIBGIM |d 2019-11-22 |i 4973585 |o 346.013 ORE 2008 |p 4973585 |r 2025-01-15 |w 2019-11-22 |y BK |k COM | ||
| 952 | |0 0 |1 0 |4 0 |6 346_013000000000000_ORE_2008 |7 0 |8 A |9 456178 |a BIBGIM |b BIBGIM |d 2019-11-22 |i 4973593 |o 346.013 ORE 2008 |p 4973593 |r 2025-01-15 |w 2019-11-22 |y BK |k COM | ||